000 00618nam a22002417a 4500
001 BR9606919
003 BR-BrBNA
005 20230928095318.0
007 ta
008 230509b bl.||||| |||| 00| 0 por d
040 _aBR-BrBNA
_bpor
_cBiblioteca Nacional de Agricultura
041 _a(Por)
072 _aE13
090 _ E13 BR9606919
100 1 _aPereira, L. de P.
245 1 _aCredito rural - Limites da legalidade
260 3 _aCuritiba, PR (Brasil):
_bJurua,
_c1992.
300 _a107 p.
650 _aCredito Rural
650 _aLegislacao
909 _a202309
_bLucia
_c55
_dLucia Elande
942 _cBK
999 _c55817
_d55817